Selena Gomez - Paroles Wolves - Statistiques

Statistiques générales
  • Ce quiz a été pris 14 fois
  • Le résultat moyen est 311 sur 394
Statistiques - réponses
Hint Réponse % Correct
a
100%
(Ah)
100%
Drop Ah
100%
ah,
100%
ah
100%
to
100%
To
100%
Pré-refrain I
93%
Couplet 1 In
93%
in
93%
runnin'
93%
the
93%
you,
93%
you
93%
and
86%
been
86%
eyes,
86%
get
86%
jungle
86%
lose
86%
love,
86%
love
86%
on
86%
One
86%
one
86%
wolves
86%
All
79%
all
79%
blue
79%
down
79%
heavy
79%
Refrain I've
79%
my
79%
of
79%
there's
79%
too
79%
with
79%
your
79%
Couplet 2 Your
79%
dark
71%
feel
71%
me
71%
through
71%
wanna
71%
choose
64%
make
64%
moon
64%
much
64%
side
64%
skin
64%
Sweet
64%
divine,
57%
don't
57%
night,
57%
night
57%
or
57%
anger
50%
Break
50%
come
50%
for
50%
never
50%
places
50%
sky
50%
stranger
50%
that
50%
yeah,
50%
alleys
43%
cryin'
43%
darkest
43%
ease
43%
every
43%
have
43%
looked
43%
summer
43%
walls
43%
Water
43%
way
43%
we
43%
alone
36%
did
36%
feelin',
36%
stars
36%
Took
36%
trace
36%
wine,
36%
am
29%
fingertips
29%
following
29%
Saw
29%
these
29%
truth
29%
Drunk
21%
Blindly,
7%
Aucun quiz correspondant
Distribution des résultats
% des personnes avec chaque résultat
Percentile par nombre de réponses
Votre historique - résultats
Vous n’avez pas pris ce quiz